MARC-Details
| 000 -Satzkennung |
| Kontrollfeld mit fester Länge |
02135nam a22004693i 4500 |
| 001 - Kontrollnummer |
| Kontrollfeld |
EBC32556139 |
| 003 - Kontrollnummer Identifier |
| Kontrollfeld |
MiAaPQ |
| 005 - Datum und Zeit der letzten Transaktion |
| Kontrollfeld |
20260409161750.0 |
| 007 - Feld mit fester Länge zur physischen Beschreibung - Allgemeine Information |
| Kontrollfeld mit fester Länge |
cr cnu|||||||| |
| 008 - Feld mit fester Länge zur physischen Beschreibung - Allgemeine Angaben |
| Kontrollfeld mit fester Länge |
260409s2026 xx o ||||0 eng d |
| 020 ## - Internationale Standardbuchnummer |
| Internationale Standardbuchnummer |
9783658507077 |
| Nähere Angaben |
(electronic bk.) |
| 020 ## - Internationale Standardbuchnummer |
| Gelöschte/ungültige ISBN |
9783658507060 |
| 040 ## - Katalogisierungsquelle |
| Original-Katalogisierungsstelle |
MiAaPQ |
| Katalogisierungssprache |
eng |
| Übertragungsstelle |
MiAaPQ |
| 100 1# - Haupteintragung - Personenname |
| Personenname |
Bangert, Kurt. |
| Koha-Normdatenidentnummer |
69044 |
| 245 10 - Titel |
| Titel |
Muhammad and the Origin of Islam. |
| 250 ## - Ausgabebezeichnung |
| Ausgabebezeichnung |
1st ed. |
| 264 #1 - Produktion, Veröffentlichung, Distribution, Herstellung und Urheberrechtsvermerk |
| Herstellungs-, Veröffentlichungs- Vertriebs-, Erzeugungsort |
Wiesbaden : |
| Produzent, Herausgeber, Distributor, Hersteller |
Springer Fachmedien Wiesbaden GmbH, |
| Datum der Herstellung, der Veröffentlichung, des Vertriebs oder des Urheberschutzvermerks |
2026. |
| 264 #4 - Produktion, Veröffentlichung, Distribution, Herstellung und Urheberrechtsvermerk |
| Datum der Herstellung, der Veröffentlichung, des Vertriebs oder des Urheberschutzvermerks |
©2026. |
| 300 ## - Physische Beschreibung |
| Umfang |
1 online resource (160 pages) |
| 336 ## - Inhaltstyp |
| Inhaltstypterm |
Text |
| Inhaltstypcode |
txt |
| Quelle |
rdacontent |
| 337 ## - Medientyp |
| Bezeichnung des Medientyps |
Computermedien |
| Medientypcode |
c |
| Quelle |
rdamedia |
| 338 ## - Datenträgertyp |
| Datenträgertypbezeichnung |
Online Resource |
| Datenträgertypcode |
cr |
| Quelle |
rdacarrier |
| 341 0# - |
| -- |
PDF/UA-1 |
| -- |
onix |
| 341 0# - |
| -- |
No reading system accessibility options actively disabled |
| -- |
onix |
| 341 0# - |
| -- |
Table of contents navigation |
| -- |
onix |
| 341 0# - |
| -- |
Single logical reading order |
| -- |
onix |
| 341 0# - |
| -- |
Short alternative textual descriptions |
| -- |
onix |
| 341 0# - |
| -- |
Use of color is not sole means of conveying information |
| -- |
onix |
| 341 0# - |
| -- |
Use of high contrast between text and background color |
| -- |
onix |
| 341 0# - |
| -- |
Next / Previous structural navigation |
| -- |
onix |
| 341 0# - |
| -- |
All non-decorative content supports reading without sight |
| -- |
onix |
| 490 0# - Gesamttitelangabe |
| Gesamttitelangabe |
History Series |
| 500 ## - Allgemeine Fußnote |
| Allgemeine Fußnote |
E-Book-ProQuest / Fernzugriff nach Registrierung möglich |
| 520 ## - Fußnote zu Zusammenfassungen usw. |
| Fußnote zur Zusammenfassung usw. |
We understand a religion best if we know its origin.Unfortunately, the traditional narrative about the emergence of Islam is based upon sources most of which were written some 150 to 250 years after the events they claim to describe. |
| 532 8# - |
| -- |
Publisher contact for further accessibility information: accessibilitysupport@springernature.com |
| 655 ## - Indexierungsterm - Genre/Form |
| Genre/Form oder fokussierter Term |
Fernzugriff |
| Koha-Normdatenidentnummer |
230 |
| 655 #4 - Indexierungsterm - Genre/Form |
| Genre/Form oder fokussierter Term |
|
| 776 08 - Andere physische Form |
| Verweisungsphrase |
Print version: |
| Haupteintragung |
Bangert, Kurt |
| Titel |
Muhammad and the Origin of Islam |
| Ort, Verlag und Erscheinungsjahr |
Wiesbaden : Springer Fachmedien Wiesbaden GmbH,c2026 |
| Internationale Standardbuchnummer |
9783658507060 |
| 856 40 - Elektronische Adresse und Zugriff |
| URL |
<a href="https://ebookcentral.proquest.com/lib/maxweberstiftung-ebooks/detail.action?docID=32556139">https://ebookcentral.proquest.com/lib/maxweberstiftung-ebooks/detail.action?docID=32556139</a> |
| OPAC-Notiz |
Volltext |
| 942 ## - Zusätzliche Felder (Koha) |
| Koha-Medientyp |
E-Books |